Music Quiz

Random Music or Kpop Quiz

Random Shuffle - K-Pop Playlist (#18) [AUDIO] Quiz Stats

 Plays Quiz not verified by Sporcle

Support Sporcle.
Go Orange.
Score 0/30 Timer 15:00
0 Plays Today
# song title % Correct
16ko ko bop
89.1%
22lo siento
86%
21russian roulette
82.9%
29the eve
82.9%
25dun dun
79.3%
28hola hola
79.3%
4room shaker
78.8%
15super hot
77.2%
13with you
76.2%
2jump
72%
6ya ya ya
72%
10my flower
68.9%
19hot
67.4%
30fiesta
62.7%
12red moon
58.5%
# song title % Correct
14bouncy
49.2%
5so curious
48.7%
*11you can't hold my heart
48.2%
27sunny side up
47.2%
73rd eye
43.5%
8light
42.5%
24reveal
41.5%
23more
25.9%
20page
24.9%
26booster
22.3%
18hero's soup
21.8%
17star 1117
21.2%
9hit song
18.1%
1you're my world
10.9%
3gone cold
9.8%

You're not logged in!

Compare scores with friends on all Sporcle quizzes.
OR
Log In

From the Vault

Video Game Themes III

by amaranth

A few of these would make excellent ringtones.
Remove Ads.
Support Sporcle.
Get the best of Sporcle when you Go Orange. This ad-free experience offers more features, more stats, and more fun while also helping to support Sporcle. Thank you for becoming a member.

Show Comments

Extras

Top Quizzes Today


Score Distribution

Your Account Isn't Verified!

In order to create a playlist on Sporcle, you need to verify the email address you used during registration. Go to your Sporcle Settings to finish the process.

Report this User

Report this user for behavior that violates our Community Guidelines.

Details: